Terminais de Curitiba no mapa - Statistics

Estatísticas Gerais
  • Esse quiz foi jogado 161 vezes
  • A pontuação média é 17 de 23
Respostas no mapa
Respostas codificadas por cores de uma escala verde-vermelha no mapa do quiz de acordo com a % correta abaixo.
 
Estatísticas das Respostas
Resposta % Correto
Portão
92%
Boqueirão
91%
Pinheirinho
86%
Capão Raso
85%
CIC
83%
Santa Cândida
82%
Santa Felicidade
81%
Campina do Siqueira
77%
Campo Comprido
77%
Cabral
76%
Hauer
76%
Sítio Cercado
75%
Tatuquara
74%
Capão da Imbuia
71%
Guadalupe
69%
Bairro Alto
65%
Carmo
65%
Centenário
65%
Fazendinha
63%
Boa Vista
61%
Barreirinha
54%
Caiuá
47%
Vila Oficinas
47%
Nenhum quiz correspondente encontrado
Distribuição das Pontuações
Porcentagem de Pessoas com Cada Pontuação
Percentil de Números Respondidos
Sua Pontuação Histórica
Você não jogou esse quiz